Some theoretical issues in educational organizational and administration (Record no. 42739)

MARC details
000 -LEADER
fixed length control field 00440nam a2200169Ia 4500
050 ## - CALL MARK
Classification number LB 2805 .E346/
100 ## - STATEMENT OF RESPONSIBILITY--MAIN AUTHOR NAME
Personal name Sergiovanni, Thomas J.
245 #0 - TITLE STATEMENT
Title Some theoretical issues in educational organizational and administration
260 ## - PUBLICATION, DISTRIBUTION, ETC. (IMPRINT)
Place of publication Taiwan
260 ## - PUBLICATION, DISTRIBUTION, ETC. (IMPRINT)
Name of publisher Tamkang University
260 ## - PUBLICATION, DISTRIBUTION, ETC. (IMPRINT)
Year of publication 1980
300 ## - PHYSICAL DESCRIPTION
Number of Pages 119 p
650 ## - SUBJECT ADDED ENTRY--TOPICAL TERM
Topical Term Taiwan
942 ## - ADDED ENTRY ELEMENTS (KOHA)
Koha item type Books
Holdings
Withdrawn status Lost status Source of classification or shelving scheme Damaged status Not for loan Permanent Location Current Location Shelving location Date acquired Accession Number Price effective from Koha item type
    Library of Congress Classification     NILE UNIVERSITY OF NIGERIA - MAIN LIBRARY NILE UNIVERSITY OF NIGERIA - MAIN LIBRARY Items on shelf 06/03/2025 0000364 06/03/2025 Books
    Library of Congress Classification     NILE UNIVERSITY OF NIGERIA - MAIN LIBRARY NILE UNIVERSITY OF NIGERIA - MAIN LIBRARY Items on shelf 06/03/2025 0004973 06/03/2025 Books